000 00476nam a2200157 4500
001 131354
003 ES-MaACL
005 20250825222338.0
007 t|
008 070214s1903 ag r ||||1| spa d
100 1 _aRodríguez, José E.
_998256
245 1 0 _aManual del oficial de reconocimiento /
_cJosé E. Rodríguez.
260 _aBuenos Aires :
_b[s.n.],
_c1903 (
_fTall. Tip. de la Penitenciaría Nacional)
852 _aES-MaACL
_j1590-F-22
999 _c131354
_d131354